[Event "46th POL-ch"]
[Site "Slupsk POL"]
[Date "1989.??.??"]
[Round "5"]
[White "Matlak, Marek"]
[Black "Sapis, Witalis"]
[Result "1/2-1/2"]
[WhiteElo "2420"]
[BlackElo "2395"]
[EventDate "1989.02.25"]
[PlyCount "69"]

1.d4 c6 2.Nf3 Nf6 3.c4 d5 4.Qc2 g6 5.Bf4 Bg7 6.e3 O-O 7.Nc3 Be6 8.Ng5 Bf5 
9.Qb3 Qb6 10.h3 h6 11.Nf3 Nbd7 12.c5 Qxb3 13.axb3 g5 14.Bh2 Ne4 15.b4 a6 
16.Be2 Rfe8 17.O-O Nxc3 18.bxc3 e5 19.Ra2 Rac8 20.Rfa1 Bf6 21.Kf1 Kg7 22.
Nd2 exd4 23.cxd4 Bd8 24.Nb3 Bc7 25.Bxc7 Rxc7 26.Rd1 Bg6 27.Bd3 h5 28.Bxg6 
Kxg6 29.Re2 Nf6 30.f3 Rce7 31.Kf2 h4 32.Rde1 Nh5 33.Rd2 Ng3 34.Rdd1 f6 35.
Rd3 1/2-1/2

[Event "46th POL-ch"]
[Site "Slupsk POL"]
[Date "1989.??.??"]
[Round "5"]
[White "Schmidt, Wlodzimierz"]
[Black "Borkowski, Franciszek"]
[Result "1/2-1/2"]
[WhiteElo "2460"]
[BlackElo "2420"]
[EventDate "1989.02.25"]
[PlyCount "47"]

1.Nf3 Nf6 2.c4 c6 3.d4 d5 4.Nc3 e6 5.Bg5 h6 6.Bxf6 Qxf6 7.e3 Nd7 8.Bd3 
dxc4 9.Bxc4 g6 10.O-O Bg7 11.Rc1 O-O 12.Qe2 e5 13.d5 Nb6 14.dxc6 bxc6 15.
Ba6 Bf5 16.Nd2 Rab8 17.Nce4 Qe6 18.b3 Rfd8 19.Nc5 Qe7 20.e4 Bg4 21.f3 Bc8 
22.Bxc8 Rbxc8 23.b4 h5 24.Ndb3 1/2-1/2

[Event "46th POL-ch"]
[Site "Slupsk POL"]
[Date "1989.??.??"]
[Round "5"]
[White "Siekanski, Janusz"]
[Black "Woda, Jacek"]
[Result "1/2-1/2"]
[WhiteElo "2340"]
[BlackElo "2335"]
[EventDate "1989.02.25"]
[PlyCount "75"]

1.Nf3 d6 2.d4 Bg4 3.e4 Nf6 4.Nc3 e6 5.Be2 Be7 6.d5 exd5 7.exd5 O-O 8.O-O 
c5 9.Bf4 a6 10.a4 Nh5 11.Be3 g6 12.h3 Bxf3 13.Bxf3 Ng7 14.g3 Nd7 15.Bg2 
Re8 16.a5 Qc7 17.Ne4 Nf6 18.Bxc5 Nxe4 19.Bb6 Qc4 20.b3 Qc8 21.Bxe4 Bf6 22.
Ra4 Qxh3 23.Bg2 Qd7 24.Rc4 Rac8 25.Rxc8 Qxc8 26.c4 Bc3 27.c5 dxc5 28.d6 
Bd4 29.b4 Nf5 30.Bh3 Qc6 31.Bxf5 Qxd6 32.Bh3 Qxg3+ 33.Bg2 Qh4 34.Bxc5 Be5 
35.Re1 Bh2+ 36.Kf1 Qc4+ 37.Re2 Rxe2 38.Qxe2 1/2-1/2

[Event "46th POL-ch"]
[Site "Slupsk POL"]
[Date "1989.??.??"]
[Round "5"]
[White "Sznapik, Aleksander"]
[Black "Stempin, Pawel"]
[Result "1/2-1/2"]
[WhiteElo "2455"]
[BlackElo "2395"]
[EventDate "1989.02.25"]
[PlyCount "46"]

1.e4 e5 2.Nf3 Nc6 3.Bb5 Nf6 4.O-O Nxe4 5.d4 Nd6 6.Bxc6 dxc6 7.dxe5 Nf5 8.
Qe2 Nd4 9.Nxd4 Qxd4 10.h3 Be6 11.Rd1 Qc4 12.Qxc4 Bxc4 13.b3 Be6 14.Ba3 
Bxa3 15.Nxa3 a5 16.c4 Ke7 17.Nc2 a4 18.Ne3 f6 19.exf6+ Kxf6 20.f4 g6 21.
Kf2 h5 22.Kf3 b6 23.Rab1 Ke7 1/2-1/2

[Event "46th POL-ch"]
[Site "Slupsk POL"]
[Date "1989.??.??"]
[Round "6"]
[White "Borkowski, Franciszek"]
[Black "Siekanski, Janusz"]
[Result "0-1"]
[WhiteElo "2420"]
[BlackElo "2340"]
[EventDate "1989.02.25"]
[PlyCount "76"]

1.e4 c5 2.Nf3 e6 3.d4 cxd4 4.Nxd4 Nf6 5.Nc3 d6 6.f4 Nc6 7.Be3 Be7 8.Qf3 
Qc7 9.O-O-O a6 10.f5 O-O 11.g4 Ne5 12.Qg3 Nexg4 13.Rg1 g6 14.Bh3 Nxe3 15.
fxg6 fxg6 16.Qxe3 Qc5 17.Rg5 e5 18.Qg3 Bxh3 19.Qxh3 Ne8 20.Ne6 Qc8 21.Rg3 
Rf2 22.Rdg1 Ng7 23.Nxg7 Qxh3 24.Rxh3 Kxg7 25.Nd5 Bd8 26.Ne3 Bb6 27.Rh1 Rc8
28.c3 Rcf8 29.Nd5 Bd8 30.Rd1 Re2 31.c4 Rxe4 32.Nc3 Rd4 33.Rxd4 exd4 34.Ne4
Rf1+ 35.Kd2 d5 36.cxd5 Rf5 37.Rb3 b5 38.a4 Rxd5 0-1

[Event "46th POL-ch"]
[Site "Slupsk POL"]
[Date "1989.??.??"]
[Round "6"]
[White "Jasnikowski, Zbigniew"]
[Black "Kuczynski, Robert"]
[Result "0-1"]
[WhiteElo "2430"]
[BlackElo "2450"]
[EventDate "1989.02.25"]
[PlyCount "76"]

1.d4 f5 2.c4 Nf6 3.Nc3 g6 4.Nf3 Bg7 5.g3 O-O 6.Bg2 d6 7.O-O c6 8.Re1 Na6 
9.e4 fxe4 10.Nxe4 Nxe4 11.Rxe4 Bf5 12.Re1 Qd7 13.Bg5 Rae8 14.Qd2 e5 15.
dxe5 dxe5 16.Qxd7 Bxd7 17.Be3 Bg4 18.Nd2 Rd8 19.a3 Rd3 20.b4 Nc7 21.Ne4 
Ne6 22.h3 Bf5 23.g4 Bxe4 24.Bxe4 Rc3 25.Rec1 Rxc1+ 26.Rxc1 Nd4 27.Rd1 Ne2+
28.Kg2 Nc3 29.Rd7 Nxe4 30.Rxb7 Nd6 31.Rxa7 Nxc4 32.Bc5 Rf7 33.Ra8+ Bf8 34.
a4 Kg7 35.a5 Bxc5 36.bxc5 Nd2 37.a6 Ne4 38.a7 Rxf2+ 0-1

[Event "46th POL-ch"]
[Site "Slupsk POL"]
[Date "1989.??.??"]
[Round "6"]
[White "Sapis, Witalis"]
[Black "Cichocki, Adam"]
[Result "1/2-1/2"]
[WhiteElo "2395"]
[BlackElo "2320"]
[EventDate "1989.02.25"]
[PlyCount "51"]

1.d4 c5 2.c3 Nf6 3.Nf3 e6 4.Bf4 b6 5.Nbd2 Bb7 6.e3 Be7 7.h3 O-O 8.Bd3 Nc6 
9.O-O d6 10.Qe2 Re8 11.Rfd1 Bf8 12.Bg5 h6 13.Bh4 Be7 14.Bg3 Bf8 15.Ne4 
Nxe4 16.Bxe4 cxd4 17.cxd4 d5 18.Bd3 Bd6 19.Bxd6 Qxd6 20.Ba6 Re7 21.Rac1 
Rc8 22.Rc3 Bxa6 23.Qxa6 Rec7 24.Rdc1 Ne7 25.Rxc7 Rxc7 26.Rxc7 1/2-1/2

[Event "46th POL-ch"]
[Site "Slupsk POL"]
[Date "1989.??.??"]
[Round "6"]
[White "Stempin, Pawel"]
[Black "Matlak, Marek"]
[Result "1/2-1/2"]
[WhiteElo "2395"]
[BlackElo "2420"]
[EventDate "1989.02.25"]
[PlyCount "179"]

1.d4 d5 2.c4 e6 3.Nc3 c6 4.Nf3 Nf6 5.Bg5 Nbd7 6.cxd5 exd5 7.e3 Be7 8.Qc2 
O-O 9.Bd3 Re8 10.O-O g6 11.Rab1 Nh5 12.Bxe7 Rxe7 13.b4 a6 14.a4 Nb6 15.Nd2
Ng7 16.a5 Nd7 17.Ne2 Nf6 18.Ng3 Nfh5 19.Nxh5 Nxh5 20.Rbe1 Ng7 21.Qc3 Bf5 
22.Be2 Qd7 23.Nb3 Rae8 24.Bd1 h5 25.Nc5 Qd6 26.Bb3 Bc8 27.f3 Rd8 28.Rd1 
Ne6 29.Bc2 Nc7 30.Qd2 Kg7 31.f4 f5 32.Nd3 Rh8 33.Ne5 Ne8 34.Qe1 Nf6 35.Bd3
Be6 36.Rb1 Rc7 37.Rb2 Rcc8 38.Qg3 Rh6 39.Rc1 Ra8 40.Qe1 Rhh8 41.Rbc2 Bd7 
42.Rc5 Qe6 43.Qh4 Be8 44.h3 Bd7 45.R5c2 Rh6 46.Rf1 Qe7 47.Rc5 Qe6 48.Rf3 
Rf8 49.Rf2 Re8 50.Kf1 Rf8 51.Ke1 Rb8 52.Rfc2 Ra8 53.Kd1 Qe7 54.Kc1 Qe6 55.
Kb2 Qe7 56.Kb3 Re8 57.Rc1 Qd8 58.Ka3 Rf8 59.Rg1 Qe8 60.Rc2 Qe7 61.Qe1 Re8 
62.Qc3 Bc8 63.Qc5 Qxc5 64.Rxc5 Bd7 65.Rc2 Ra8 66.Be2 Rhh8 67.Kb3 Rhe8 68.
Bf3 Re7 69.Kc3 Be6 70.Kd3 Rae8 71.Rgc1 Ra8 72.Ra1 Bd7 73.Be2 Be8 74.Kc3 
Bd7 75.Bd3 Be8 76.Kb3 Ra7 77.Kb2 Ra8 78.Rh1 Bd7 79.Rf2 Rh8 80.Rf3 Be8 81.
Rg3 Kh6 82.Ka3 Rg8 83.Rf3 Kg7 84.Rc1 Rh8 85.Kb3 Kh6 86.Rc2 Kg7 87.Rf1 Bd7 
88.Ra2 Ra8 89.Rf3 Kh6 90.Rc2 1/2-1/2

[Event "46th POL-ch"]
[Site "Slupsk POL"]
[Date "1989.??.??"]
[Round "6"]
[White "Szymczak, Zbigniew"]
[Black "Hawelko, Marek"]
[Result "1/2-1/2"]
[WhiteElo "2400"]
[BlackElo "2455"]
[EventDate "1989.02.25"]
[PlyCount "30"]

1.e4 e5 2.Nf3 Nc6 3.Bb5 a6 4.Ba4 Nf6 5.O-O Be7 6.Bxc6 dxc6 7.d3 Qd6 8.Nbd2
Be6 9.b3 Nd7 10.Bb2 c5 11.Qe2 O-O 12.Nc4 Bxc4 13.dxc4 Rad8 14.Rad1 Qe6 15.
Rd3 Bd6 1/2-1/2

[Event "46th POL-ch"]
[Site "Slupsk POL"]
[Date "1989.??.??"]
[Round "6"]
[White "Woda, Jacek"]
[Black "Sznapik, Aleksander"]
[Result "0-1"]
[WhiteElo "2335"]
[BlackElo "2455"]
[EventDate "1989.02.25"]
[PlyCount "98"]

1.e4 g6 2.d4 Bg7 3.Nc3 d6 4.Nf3 Nf6 5.Be2 O-O 6.h3 c6 7.a4 Nbd7 8.e5 Ne8 
9.Bf4 dxe5 10.dxe5 Nc7 11.Bg3 Nc5 12.Qd4 Qxd4 13.Nxd4 N7e6 14.Nf3 a5 15.
O-O Bh6 16.Bc4 Ng7 17.Rad1 Be6 18.Bxe6 Ngxe6 19.Nd4 Rfd8 20.Nde2 Bd2 21.f3
Rd7 22.Bf2 Rad8 23.b3 b6 24.Nb1 b5 25.axb5 cxb5 26.Na3 Rb8 27.Be1 Bb4 28.
Ra1 Bxe1 29.Rfxe1 Rd2 30.Rac1 g5 31.Nb1 Rd7 32.Rcd1 Rbd8 33.Rxd7 Rxd7 34.
Kf2 b4 35.Ke3 a4 36.bxa4 Nxa4 37.Nd2 Nb6 38.c4 bxc3 39.Nxc3 Nf4 40.g3 Ng2+
41.Ke2 Nxe1 42.Kxe1 h6 43.Ke2 Ra7 44.Ke3 Kg7 45.f4 gxf4+ 46.Kxf4 Rd7 47.
Nce4 Rd3 48.Nf3 Nd5+ 49.Kg4 h5+ 0-1

[Event "46th POL-ch"]
[Site "Slupsk POL"]
[Date "1989.??.??"]
[Round "6"]
[White "Zolnierowicz, Krzysztof"]
[Black "Schmidt, Wlodzimierz"]
[Result "0-1"]
[WhiteElo "2405"]
[BlackElo "2460"]
[EventDate "1989.02.25"]
[PlyCount "92"]

1.e4 e6 2.d4 d5 3.Nc3 Bb4 4.Qd3 dxe4 5.Qxe4 Nf6 6.Qh4 Bd7 7.Bd3 Bc6 8.Ne2 
Be7 9.Qh3 Nbd7 10.Bf4 Nb6 11.O-O Qd7 12.Be5 h5 13.f4 Ng4 14.f5 Nxe5 15.
dxe5 O-O-O 16.Rad1 Bc5+ 17.Kh1 Qe8 18.fxe6 fxe6 19.Nf4 Rh6 20.Be4 Bd7 21.
Qf3 c6 22.a3 Be7 23.Bd3 Kb8 24.Ne4 Bc8 25.c4 Nd7 26.Qg3 g5 27.Nxg5 h4 28.
Qg4 Nxe5 29.Qe2 Bd6 30.c5 Bc7 31.Ne4 Nxd3 32.Nxd3 e5 33.b4 h3 34.g3 Be6 
35.Nb2 Rd4 36.Kg1 Rxd1 37.Rxd1 Qg8 38.Qe3 Rg6 39.Nd6 Bd5 40.Rf1 a6 41.Nd3 
Ka7 42.Qxe5 Bc4 43.Qe3 Bxd3 44.Qxd3 Qa2 45.Rf2 Rxd6 46.Qxd6 Qb1+ 0-1

[Event "46th POL-ch"]
[Site "Slupsk POL"]
[Date "1989.??.??"]
[Round "7"]
[White "Adamski, Jan"]
[Black "Jasnikowski, Zbigniew"]
[Result "1/2-1/2"]
[WhiteElo "2435"]
[BlackElo "2430"]
[EventDate "1989.02.25"]
[PlyCount "38"]

1.Nf3 Nf6 2.c4 g6 3.Nc3 d5 4.Qa4+ Bd7 5.Qb3 dxc4 6.Qxc4 Bg7 7.g3 O-O 8.Bg2
Ne8 9.d4 Nd6 10.Qd3 Na6 11.Bf4 c5 12.dxc5 Bf5 13.Qd1 Ne4 14.Qxd8 Raxd8 15.
Nd1 Naxc5 16.Be5 Be6 17.Bxg7 Kxg7 18.Ne3 b6 19.Ne5 Nf6 1/2-1/2

[Event "46th POL-ch"]
[Site "Slupsk POL"]
[Date "1989.??.??"]
[Round "7"]
[White "Cichocki, Adam"]
[Black "Stempin, Pawel"]
[Result "1/2-1/2"]
[WhiteElo "2320"]
[BlackElo "2395"]
[EventDate "1989.02.25"]
[PlyCount "121"]

1.d4 Nf6 2.c4 e6 3.g3 c5 4.d5 exd5 5.cxd5 d6 6.Bg2 g6 7.Nc3 Bg7 8.Nf3 O-O 
9.O-O Na6 10.Nd2 Nc7 11.a4 b6 12.Rb1 Re8 13.Nc4 Ba6 14.b3 b5 15.axb5 Nxb5 
16.Nxb5 Bxb5 17.Qc2 Bxc4 18.bxc4 Qe7 19.e3 Reb8 20.Bd2 Nd7 21.Ba5 Ne5 22.
Rb3 h5 23.h3 f5 24.Rfb1 Rxb3 25.Rxb3 Rf8 26.Bd2 Qd7 27.Rb5 Qc8 28.Qa4 Re8 
29.f4 a6 30.Rb6 Nf7 31.Rxa6 Qb8 32.Kh2 Bf6 33.Qc2 Kg7 34.Ra2 Qb7 35.e4 Nh6
36.Bc3 Qe7 37.Bxf6+ Qxf6 38.Ra7+ Kf8 39.Qb1 h4 40.e5 hxg3+ 41.Kg1 dxe5 42.
Qb5 exf4 43.Qxc5+ Kg8 44.d6 f3 45.Qd5+ Kh8 46.Ra8 Rxa8 47.Qxa8+ Kg7 48.
Qxf3 Qa1+ 49.Bf1 Qd4+ 50.Kg2 Qxd6 51.Qxg3 Qd4 52.Qf2 Qe4+ 53.Qf3 Qd4 54.
Qf2 Qe4+ 55.Qf3 Qd4 56.Qd3 Qxd3 57.Bxd3 Kf6 58.Kf3 Ke5 59.Ke3 Nf7 60.h4 
Nd8 61.Bf1 1/2-1/2

[Event "46th POL-ch"]
[Site "Slupsk POL"]
[Date "1989.??.??"]
[Round "7"]
[White "Kuczynski, Robert"]
[Black "Sapis, Witalis"]
[Result "1/2-1/2"]
[WhiteElo "2450"]
[BlackElo "2395"]
[EventDate "1989.02.25"]
[PlyCount "56"]

1.e4 c6 2.d4 d5 3.Nd2 dxe4 4.Nxe4 Nd7 5.Ng5 Ngf6 6.Bd3 e6 7.N1f3 Bd6 8.Qe2
h6 9.Ne4 Nxe4 10.Qxe4 Nf6 11.Qe2 b6 12.Bd2 Bb7 13.O-O-O Qc7 14.Rhe1 O-O-O 
15.Ba6 Bxa6 16.Qxa6+ Kb8 17.Qe2 Rhe8 18.Kb1 Nd7 19.c4 e5 20.dxe5 Nxe5 21.
Nd4 Qc8 22.Bc3 Kb7 23.h3 Bc5 24.Qc2 Nxc4 25.Rxe8 Rxe8 26.Nf5 g6 27.Nxh6 
Qe6 28.Bd4 Bxd4 1/2-1/2

[Event "46th POL-ch"]
[Site "Slupsk POL"]
[Date "1989.??.??"]
[Round "7"]
[White "Matlak, Marek"]
[Black "Woda, Jacek"]
[Result "0-1"]
[WhiteElo "2420"]
[BlackElo "2335"]
[EventDate "1989.02.25"]
[PlyCount "92"]

1.Nf3 d6 2.d4 Bg4 3.c4 Bxf3 4.gxf3 g6 5.f4 Nf6 6.Qb3 Nc6 7.e3 Qc8 8.Bg2 
Bg7 9.Nc3 O-O 10.Bd2 Rb8 11.O-O a6 12.Rac1 Qg4 13.Qd1 Qh4 14.Qf3 e5 15.d5 
Na5 16.Ne2 b6 17.Qg3 Qh5 18.f3 Nb7 19.fxe5 dxe5 20.Qh3 Qg5 21.Rcd1 Nh5 22.
Ng3 Nxg3 23.hxg3 Qe7 24.Bc1 Qc5 25.b3 b5 26.cxb5 axb5 27.Qd7 Nd6 28.Rf2 
Nf5 29.Qc6 Qa7 30.Bh3 Nxg3 31.Rc2 Rb7 32.Kg2 Nh5 33.Qc5 Qxc5 34.Rxc5 Ra8 
35.Rd2 Bf8 36.Rcc2 f5 37.Re2 Kf7 38.e4 Kf6 39.Rc6+ Bd6 40.f4 fxe4 41.Rxe4 
Rxa2+ 42.Kf3 exf4 43.Bg4 Rh2 44.Ba3 b4 45.Bc1 Kg7 46.Ra6 Rb5 0-1

[Event "46th POL-ch"]
[Site "Slupsk POL"]
[Date "1989.??.??"]
[Round "7"]
[White "Schmidt, Wlodzimierz"]
[Black "Szymczak, Zbigniew"]
[Result "1-0"]
[WhiteElo "2460"]
[BlackElo "2400"]
[EventDate "1989.02.25"]
[PlyCount "101"]

1.Nf3 Nf6 2.c4 g6 3.Nc3 Bg7 4.e4 d6 5.d4 O-O 6.Be2 e5 7.O-O Nbd7 8.Be3 c6 
9.Qc2 exd4 10.Nxd4 Re8 11.Rad1 Qe7 12.f3 d5 13.cxd5 cxd5 14.Bg5 dxe4 15.
Nxe4 h6 16.Bh4 Ne5 17.Nb5 g5 18.Bf2 Nxe4 19.Qxe4 Be6 20.b3 b6 21.Nd6 Red8 
22.Rfe1 Qf8 23.Nf5 Bxf5 24.Qxf5 Qb4 25.Bf1 Rxd1 26.Rxd1 Re8 27.h4 Qf4 28.
Qxf4 gxf4 29.Ba6 Bf8 30.Kf1 f6 31.Rd4 Bc5 32.Rxf4 Bxf2 33.Kxf2 Kf7 34.Rd4 
Re7 35.Be2 Rc7 36.f4 Nd7 37.b4 Ke7 38.a4 Rc2 39.Ke3 Rb2 40.a5 bxa5 41.bxa5
Ra2 42.Rd5 Ra3+ 43.Bd3 Ke6 44.Rh5 Kd6 45.Kd4 Ra4+ 46.Bc4 Nb8 47.Rxh6 Nc6+ 
48.Kc3 Nxa5 49.Rxf6+ Ke7 50.Rf7+ Kd6 51.Bb5 1-0

[Event "46th POL-ch"]
[Site "Slupsk POL"]
[Date "1989.??.??"]
[Round "7"]
[White "Sznapik, Aleksander"]
[Black "Borkowski, Franciszek"]
[Result "1/2-1/2"]
[WhiteElo "2455"]
[BlackElo "2420"]
[EventDate "1989.02.25"]
[PlyCount "61"]

1.e4 e5 2.Nf3 Nc6 3.Bc4 Bc5 4.c3 Nf6 5.b4 Bb6 6.d3 d6 7.O-O O-O 8.a4 a5 9.
b5 Ne7 10.Bb3 Ng6 11.Nbd2 Bg4 12.h3 Bh5 13.Nc4 Nh4 14.Nxb6 cxb6 15.Kh2 Kh8
16.Rg1 Nxf3+ 17.gxf3 h6 18.Qd2 Nh7 19.Rxg7 Ng5 20.Rxg5 Qxg5 21.Qxg5 hxg5 
22.Bxg5 f6 23.Bh6 Rfc8 24.Rc1 Bxf3 25.Be3 Be2 26.Bxb6 Bxd3 27.Bd5 Rg8 28.
Bc7 Rg7 29.b6 Rag8 30.Bxg8 Bxe4 31.Rg1 1/2-1/2

[Event "46th POL-ch"]
[Site "Slupsk POL"]
[Date "1989.??.??"]
[Round "8"]
[White "Adamski, Jan"]
[Black "Hawelko, Marek"]
[Result "1/2-1/2"]
[WhiteElo "2435"]
[BlackElo "2455"]
[EventDate "1989.02.25"]
[PlyCount "31"]

1.Nf3 Nf6 2.c4 e6 3.g3 a6 4.Nc3 d5 5.cxd5 exd5 6.Bg2 Be7 7.O-O O-O 8.d4 c6
9.Bf4 Nbd7 10.Qc2 Nb6 11.Ne5 Nh5 12.Bd2 f6 13.Nd3 Nc4 14.Rad1 Nxd2 15.Qxd2
f5 16.f4 1/2-1/2

[Event "46th POL-ch"]
[Site "Slupsk POL"]
[Date "1989.??.??"]
[Round "8"]
[White "Borkowski, Franciszek"]
[Black "Matlak, Marek"]
[Result "1/2-1/2"]
[WhiteElo "2420"]
[BlackElo "2420"]
[EventDate "1989.02.25"]
[PlyCount "124"]

1.e4 e6 2.Qe2 c5 3.Nf3 Nc6 4.g3 Nge7 5.Bg2 d5 6.d3 g6 7.h4 h6 8.e5 Bg7 9.
c3 b5 10.d4 cxd4 11.cxd4 Qb6 12.Be3 b4 13.Qd2 Ba6 14.h5 g5 15.g4 Rc8 16.
Bf1 f5 17.exf6 Bxf6 18.Bxa6 Qxa6 19.Qe2 Qxe2+ 20.Kxe2 e5 21.Rd1 e4 22.Ne1 
Kf7 23.a3 Rb8 24.b3 Rhc8 25.Ra2 a5 26.a4 Nd8 27.f3 exf3+ 28.Nxf3 Rb6 29.
Rf1 Kg7 30.Kd3 Re6 31.Raf2 Nf7 32.Re2 Re4 33.Rg1 Re6 34.Nfd2 Nc6 35.Nf3 
Ne7 36.Rf2 Re4 37.Rgf1 Re6 38.Bc1 Nd6 39.Bb2 Ne4 40.Re2 Rec6 41.Rfe1 R6c7 
42.Nfd2 Nxd2 43.Rxd2 Ng8 44.Rde2 Bd8 45.Rf1 Nf6 46.Rf5 Rd7 47.Ree5 Nxg4 
48.Rxd5 Rxd5 49.Rxd5 Nf6 50.Rc5 Rxc5 51.dxc5 Kf7 52.Bxf6 Kxf6 53.Ke4 Bc7 
54.Nd2 g4 55.Nc4 Kg5 56.Ne3 Bb8 57.c6 Kh4 58.Kf5 g3 59.Kg6 Kh3 60.Kxh6 Be5
61.Kg6 Bd4 62.c7 g2 1/2-1/2

[Event "46th POL-ch"]
[Site "Slupsk POL"]
[Date "1989.??.??"]
[Round "8"]
[White "Jasnikowski, Zbigniew"]
[Black "Sapis, Witalis"]
[Result "1-0"]
[WhiteElo "2430"]
[BlackElo "2395"]
[EventDate "1989.02.25"]
[PlyCount "91"]

1.d4 c6 2.c4 Nf6 3.Nc3 d6 4.e4 Nbd7 5.Nf3 e5 6.Be2 Be7 7.O-O O-O 8.Rb1 Re8
9.b4 Bf8 10.d5 cxd5 11.cxd5 g6 12.Nd2 Re7 13.Nc4 Nb6 14.Na5 Ne8 15.Be3 f6 
16.Qb3 Rf7 17.f4 Bh6 18.Nb5 exf4 19.Bxf4 Bxf4 20.Rxf4 Nd7 21.Qe3 Qb6 22.
Qxb6 Nxb6 23.Rc1 f5 24.exf5 a6 25.Nd4 Nxd5 26.Rf2 Ndf6 27.fxg6 hxg6 28.Nc4
Bd7 29.Nb6 Rd8 30.Rcf1 Re7 31.Rxf6 Nxf6 32.Rxf6 Bf5 33.Nxf5 Rxe2 34.Rxg6+ 
Kf7 35.Rg7+ Kf6 36.g4 Rxa2 37.Nd7+ Ke6 38.Re7+ Kd5 39.Nf6+ Kc4 40.Re4+ Kb5
41.g5 Ka4 42.Ne7 Rb2 43.g6 Rxb4 44.Rxb4+ Kxb4 45.g7 a5 46.Nh7 1-0

[Event "46th POL-ch"]
[Site "Slupsk POL"]
[Date "1989.??.??"]
[Round "8"]
[White "Stempin, Pawel"]
[Black "Kuczynski, Robert"]
[Result "1/2-1/2"]
[WhiteElo "2395"]
[BlackElo "2450"]
[EventDate "1989.02.25"]
[PlyCount "39"]

1.d4 f5 2.g3 Nf6 3.Bg2 g6 4.c4 Bg7 5.Nc3 O-O 6.Nf3 d6 7.O-O c6 8.d5 e5 9.
dxe6 Bxe6 10.b3 Na6 11.Ng5 Bc8 12.Bb2 Qe7 13.Qd2 h6 14.Nf3 Be6 15.Rad1 
Rad8 16.Qc1 Bf7 17.e3 Rfe8 18.Ne2 Nc5 19.Nfd4 Nce4 20.Nf4 1/2-1/2

[Event "46th POL-ch"]
[Site "Slupsk POL"]
[Date "1989.??.??"]
[Round "8"]
[White "Szymczak, Zbigniew"]
[Black "Siekanski, Janusz"]
[Result "1/2-1/2"]
[WhiteElo "2400"]
[BlackElo "2340"]
[EventDate "1989.02.25"]
[PlyCount "54"]

1.Nf3 Nf6 2.c4 c5 3.Nc3 e6 4.g3 b6 5.Bg2 Bb7 6.O-O d6 7.Re1 Ne4 8.Nxe4 
Bxe4 9.d3 Bb7 10.e4 Be7 11.d4 cxd4 12.Nxd4 O-O 13.b3 a6 14.a4 Qc7 15.a5 
bxa5 16.Bd2 Nc6 17.Nxc6 Bxc6 18.Bxa5 Qb7 19.Bc3 f5 20.Rb1 Rf7 21.b4 Raf8 
22.f3 fxe4 23.fxe4 e5 24.Kh1 Bd7 25.c5 Qc7 26.cxd6 Bxd6 27.Rc1 Qb8 1/2-1/2

[Event "46th POL-ch"]
[Site "Slupsk POL"]
[Date "1989.??.??"]
[Round "8"]
[White "Woda, Jacek"]
[Black "Cichocki, Adam"]
[Result "0-1"]
[WhiteElo "2335"]
[BlackElo "2320"]
[EventDate "1989.02.25"]
[PlyCount "73"]

1.e4 e6 2.d4 d5 3.Nc3 Nf6 4.Bg5 Bb4 5.e5 h6 6.Bd2 Bxc3 7.Bxc3 Ne4 8.Bd3 
Nxc3 9.bxc3 c5 10.f4 Qa5 11.Qd2 Nc6 12.Nf3 b6 13.a4 Ba6 14.O-O cxd4 15.
Bxa6 Qxa6 16.cxd4 Rc8 17.g4 Ne7 18.f5 Qc4 19.f6 gxf6 20.exf6 Ng6 21.a5 b5 
22.a6 h5 23.gxh5 Rxh5 24.Rf2 Rf5 25.Ne1 Rh5 26.Nf3 Kd7 27.Rb1 Nh4 28.Nxh4 
Rxh4 29.Rb4 Rg4+ 30.Rg2 Rxg2+ 31.Kxg2 Qa2 32.Kf3 Rxc2 33.Qe1 Rxh2 34.Rxb5 
Rh3+ 35.Kf4 Qh2+ 36.Kg4 Qg2+ 37.Kf4 0-1

[Event "46th POL-ch"]
[Site "Slupsk POL"]
[Date "1989.??.??"]
[Round "8"]
[White "Zolnierowicz, Krzysztof"]
[Black "Sznapik, Aleksander"]
[Result "1-0"]
[WhiteElo "2405"]
[BlackElo "2455"]
[EventDate "1989.02.25"]
[PlyCount "129"]

1.e4 g6 2.d4 Bg7 3.Nf3 d6 4.Nc3 Nf6 5.Bf4 c6 6.Qd2 b5 7.e5 dxe5 8.Nxe5 O-O
9.Be2 Be6 10.O-O Nfd7 11.Nxc6 Nxc6 12.d5 Nd4 13.dxe6 Nxe6 14.Bxb5 Nxf4 15.
Qxf4 Nc5 16.Bc4 Bxc3 17.bxc3 Rc8 18.Rfe1 e6 19.Rad1 Qe7 20.h4 Rc7 21.h5 g5
22.Qe5 h6 23.Rd4 Na4 24.Bxe6 Nxc3 25.Bb3 Qxe5 26.Rxe5 Rb8 27.a4 Rb6 28.f4 
gxf4 29.Rxf4 Kg7 30.Re3 Rbc6 31.Rf5 Rc5 32.Rxc5 Rxc5 33.Re7 Rf5 34.g4 Rf4 
35.Rxa7 Rxg4+ 36.Kf2 Kf6 37.Rxf7+ Ke5 38.a5 Ne4+ 39.Ke3 Rg3+ 40.Rf3 Rg1 
41.Rf8 Rg3+ 42.Ke2 Nc3+ 43.Kd2 Ne4+ 44.Kc1 Nc5 45.Kb2 Rg7 46.Rc8 Kd6 47.
Rh8 Ra7 48.Rxh6+ Ke5 49.Rc6 Nxb3 50.cxb3 Rxa5 51.h6 Ra7 52.Rc5+ Kf6 53.Rh5
Rh7 54.Rh1 Ke6 55.b4 Kd5 56.Kb3 Kc6 57.Kc4 Kd6 58.b5 Rc7+ 59.Kb4 Rh7 60.
Rh5 Kd7 61.Kc5 Kc7 62.b6+ Kb7 63.Kb5 Kb8 64.Kc6 Kc8 65.Kd6 1-0

[Event "46th POL-ch"]
[Site "Slupsk POL"]
[Date "1989.??.??"]
[Round "9"]
[White "Cichocki, Adam"]
[Black "Borkowski, Franciszek"]
[Result "0-1"]
[WhiteElo "2320"]
[BlackElo "2420"]
[EventDate "1989.02.25"]
[PlyCount "46"]

1.d4 Nf6 2.c4 g6 3.Nc3 Bg7 4.g3 O-O 5.Bg2 d6 6.e3 Nbd7 7.Nge2 e5 8.O-O Re8
9.b3 e4 10.Qc2 Qe7 11.h3 h5 12.b4 Nf8 13.b5 N8h7 14.Nf4 Bf5 15.h4 Qd7 16.
a4 g5 17.hxg5 Nxg5 18.Ba3 Nf3+ 19.Kh1 Bg4 20.c5 h4 21.gxh4 Qf5 22.Bxf3 
Bxf3+ 23.Kh2 Qg4 0-1

[Event "46th POL-ch"]
[Site "Slupsk POL"]
[Date "1989.??.??"]
[Round "9"]
[White "Hawelko, Marek"]
[Black "Jasnikowski, Zbigniew"]
[Result "0-1"]
[WhiteElo "2455"]
[BlackElo "2430"]
[EventDate "1989.02.25"]
[PlyCount "66"]

1.e4 c5 2.Nf3 e6 3.d4 cxd4 4.Nxd4 Nf6 5.Nc3 d6 6.g4 h6 7.h4 Be7 8.Bg2 g6 
9.g5 hxg5 10.Bxg5 a6 11.Qd2 e5 12.Nde2 Be6 13.O-O-O Ng4 14.Ng3 Nc6 15.f3 
Nf6 16.Nd5 Bxd5 17.exd5 Nb8 18.f4 Nbd7 19.Rhe1 Nh5 20.fxe5 Bxg5 21.exd6+ 
Kf8 22.hxg5 Nxg3 23.Kb1 Rh2 24.Qc3 Qxg5 25.Re7 Nf5 26.Rxd7 Qxg2 27.Qc7 
Qxd5 28.Kc1 Rh1 29.Rxh1 Qxh1+ 30.Kd2 Qg2+ 31.Kc3 Qc6+ 32.Kb4 a5+ 33.Ka3 
Qxc7 0-1

[Event "46th POL-ch"]
[Site "Slupsk POL"]
[Date "1989.??.??"]
[Round "9"]
[White "Kuczynski, Robert"]
[Black "Woda, Jacek"]
[Result "1/2-1/2"]
[WhiteElo "2450"]
[BlackElo "2335"]
[EventDate "1989.02.25"]
[PlyCount "73"]

1.e4 e5 2.Nf3 Nc6 3.Bb5 a6 4.Ba4 Nf6 5.O-O Be7 6.Re1 b5 7.Bb3 O-O 8.d3 d6 
9.c3 Na5 10.Bc2 c5 11.Nbd2 Qc7 12.Nf1 Re8 13.Bg5 h6 14.Bh4 Be6 15.a3 Rac8 
16.Rc1 Nc6 17.Ne3 Nd7 18.Nd5 Qa7 19.Nxe7+ Nxe7 20.d4 cxd4 21.cxd4 Bg4 22.
h3 Bxf3 23.Qxf3 exd4 24.Bxe7 Ne5 25.Qf5 Qxe7 26.Bb3 Rc5 27.Rcd1 Nc4 28.Qf3
Qe5 29.Re2 d5 30.Qd3 dxe4 31.Qxd4 Qf5 32.Bc2 Rce5 33.Rde1 Rd5 34.Rxe4 Rxe4
35.Qxe4 Qxe4 36.Rxe4 Kf8 37.Bb3 1/2-1/2

[Event "46th POL-ch"]
[Site "Slupsk POL"]
[Date "1989.??.??"]
[Round "9"]
[White "Matlak, Marek"]
[Black "Zolnierowicz, Krzysztof"]
[Result "1-0"]
[WhiteElo "2420"]
[BlackElo "2405"]
[EventDate "1989.02.25"]
[PlyCount "71"]

1.d4 d5 2.Nf3 e6 3.c3 Bd6 4.Bg5 f6 5.Bh4 Ne7 6.Nbd2 Nf5 7.Bg3 Nxg3 8.hxg3 
f5 9.Ne5 O-O 10.e3 Qe8 11.f4 Nd7 12.g4 Nxe5 13.fxe5 Be7 14.Bd3 Qg6 15.Qf3 
c6 16.Nf1 h6 17.gxf5 exf5 18.Ng3 Be6 19.Nh5 Qf7 20.Nf4 b5 21.O-O-O b4 22.
cxb4 a5 23.b5 cxb5 24.Kb1 b4 25.Rc1 Bg5 26.Nxe6 Qxe6 27.Rc5 b3 28.a3 Rad8 
29.Rxa5 f4 30.e4 Qb6 31.Rxd5 Rxd5 32.exd5 Qxd4 33.Qe4 Qxe4 34.Bxe4 Re8 35.
e6 Kf8 36.Rh3 1-0

[Event "46th POL-ch"]
[Site "Slupsk POL"]
[Date "1989.??.??"]
[Round "9"]
[White "Sapis, Witalis"]
[Black "Stempin, Pawel"]
[Result "0-1"]
[WhiteElo "2395"]
[BlackElo "2395"]
[EventDate "1989.02.25"]
[PlyCount "148"]

1.d4 Nf6 2.Nf3 e6 3.c4 Bb4+ 4.Nbd2 O-O 5.a3 Be7 6.e4 d5 7.cxd5 exd5 8.e5 
Nfd7 9.Bd3 c5 10.h4 h6 11.Bb1 Re8 12.Nb3 cxd4 13.Qc2 Nf8 14.Nbxd4 Bg4 15.
Qa4 Nbd7 16.Nc6 bxc6 17.Qxg4 Bf6 18.O-O Nxe5 19.Nxe5 Bxe5 20.Bxh6 Rb8 21.
Bf5 Qd6 22.Bg5 Bxb2 23.Ra2 Bf6 24.Bc1 c5 25.Rc2 Rbd8 26.Rd1 Ne6 27.Rcd2 
Nd4 28.Bb1 Qe6 29.Qh5 g6 30.Qh6 Qg4 31.Rd3 Qxh4 32.Qxh4 Bxh4 33.Kf1 Bf6 
34.Be3 Kg7 35.g4 g5 36.Ba2 Rh8 37.Kg2 Nb5 38.Bxc5 Nc3 39.R1d2 Nxa2 40.Rxa2
Rd7 41.Rad2 Rhd8 42.Kf3 Be5 43.Be3 f6 44.Rc2 a6 45.Rc5 Kf7 46.Rb3 Ke6 47.
a4 Rd6 48.Rc7 d4 49.Bd2 d3 50.a5 Rh8 51.Rc1 Rh3+ 52.Kg2 Rh2+ 53.Kf3 f5 54.
Re1 fxg4+ 55.Kxg4 Rxf2 56.Bc3 Re2 57.Bxe5 Rxe5 58.Rd1 d2 59.Rb2 Rd4+ 60.
Kg3 Rxa5 61.Rdxd2 Ra3+ 62.Kf2 Rxd2+ 63.Rxd2 Ke5 64.Rd8 Kf4 65.Rd4+ Kf5 66.
Rd8 Kg4 67.Rd5 Kh4 68.Rd8 Ra2+ 69.Kg1 g4 70.Rd3 a5 71.Rc3 a4 72.Rd3 a3 73.
Rc3 g3 74.Rc8 Rb2 0-1

[Event "46th POL-ch"]
[Site "Slupsk POL"]
[Date "1989.??.??"]
[Round "9"]
[White "Schmidt, Wlodzimierz"]
[Black "Adamski, Jan"]
[Result "1/2-1/2"]
[WhiteElo "2460"]
[BlackElo "2435"]
[EventDate "1989.02.25"]
[PlyCount "32"]

1.Nf3 Nf6 2.c4 c5 3.Nc3 b6 4.d4 cxd4 5.Nxd4 Bb7 6.f3 e6 7.e4 Nc6 8.Be3 Bc5
9.Qd2 O-O 10.Be2 d5 11.Nxc6 Bxc6 12.Bxc5 bxc5 13.cxd5 exd5 14.exd5 Nxd5 
15.Nxd5 Qxd5 16.Qxd5 Bxd5 1/2-1/2